| 000 | 00363nam a2200145Ia 4500 | ||
|---|---|---|---|
| 005 | 20251222143241.0 | ||
| 008 | 251222s9999||||xx |||||||||||||| ||spa|| | ||
| 020 | _a970-15-1058-5 | ||
| 082 | _a330.1/P27 | ||
| 100 | _aRossetti, José Paschoal | ||
| 245 | 0 | _aIntroducción a la Economía | |
| 250 | _a3a.ed. | ||
| 264 | _bOxford University Press | ||
| 942 | _cLIB | ||
| 999 |
_c14582 _d14582 |
||